Library Banner

Islamic mysticism (Record no. 10871)

MARC details
000 -LEADER
fixed length control field 00377nam a2200169Ia 4500
001 - CONTROL NUMBER
control field 9799
008 - FIXED-LENGTH DATA ELEMENTS--GENERAL INFORMATION
fixed length control field 140327s9999 xx 000 0 und d
020 ## - INTERNATIONAL STANDARD BOOK NUMBER
International Standard Book Number 81-7305-144-5
040 ## - CATALOGING SOURCE
Transcribing agency PK-LaUMT
082 ## - DEWEY DECIMAL CLASSIFICATION NUMBER
Classification number 297.4
Item number NIC-I
100 ## - MAIN ENTRY--PERSONAL NAME
Personal name Nicholson, R. A.
245 ## - TITLE STATEMENT
Title Islamic mysticism
Statement of responsibility, etc Nicholson, R. A.
260 ## - PUBLICATION, DISTRIBUTION, ETC. (IMPRINT)
Date of publication, distribution, etc 1998
300 ## - PHYSICAL DESCRIPTION
Extent 282 p.
546 ## - LANGUAGE NOTE
Language note EN
942 ## - ADDED ENTRY ELEMENTS (KOHA)
Koha item type Books
Holdings
Withdrawn status Lost status Damaged status Not for loan Home library Current library Date acquired Total Checkouts Full call number Barcode Date last seen Price effective from Koha item type
        UMT Main Campus UMT Main Campus 2014-03-27   297.4 NIC-I 12089 2014-03-27 2014-03-27 Books